| 000 | 00987cam a2200289 i 4500 | ||
|---|---|---|---|
| 999 |
_c200444161 _d62373 |
||
| 003 | TR-AnTOB | ||
| 005 | 20220615171654.0 | ||
| 007 | ta | ||
| 008 | 990527s1998 tu 000 0 tur d | ||
| 040 |
_aTR-AnTOB _beng _erda _cTR-AnTOB |
||
| 041 | 0 | _atur | |
| 044 | _ctu | ||
| 050 |
_aHE268.25 _b.D65 1998 |
||
| 090 |
_aTOBBK HE268.25 _b.D65 1998 |
||
| 245 | 1 |
_a9. Ulaştırma şurası : _bkomisyon raporları raporların değerlendirilmesi sorunlar ve cevapları temenniler ve öneriler sonuçlar bildirgesi, 8-9-10 Haziran 1998, Ankara. |
|
| 246 | _aDokuzuncu ulaştırma şurası | ||
| 264 | 1 |
_aAnkara : _bT.C. Ulaştırma Bakanlığı, _c1998. |
|
| 300 |
_axiii, 170 pages : _billustrations ; _c26 cm |
||
| 336 |
_atext _btxt _2rdacontent |
||
| 337 |
_bn _2rdamedia |
||
| 338 |
_avolume _bnc _2rdacarrier |
||
| 500 | _a | ||
| 650 | 7 |
_aUlaştırma _2etuturkob _vKongreler _zTürkiye _9133925 |
|
| 942 |
_2z _cBK |
||